Comercio exterior

Gespeichert in:
Bibliographische Detailangaben
Format: Schriftenreihe
Sprache:Spanisch
Veröffentlicht: México Banco Nacional de Comercio Exterior 1989
Tags: Tag hinzufügen
Keine Tags, Fügen Sie das erste Tag hinzu!

MARC

LEADER 00000nas2a2200000 4500
001 s040132
005 20250730114151.4
041 0 |a spa 
044 |a MX 
245 1 0 |a Comercio exterior 
264 1 |a México  |b Banco Nacional de Comercio Exterior  |c 1989 
300 |a 1 zv. 
773 0 |w eu_un_cat*s120108